000 00430nam a2200169 a 4500
001 0000-8561
003 ELIB.Books
008 110520 1973
035 _a(ELIB.Books)0000-8707
082 _a248
_bBut
100 _aButt, Howard
245 _aThe Velvet Covered Brick
260 _bNew York: Harper & Row, Publishers
_c1973
650 _aChristian Life
942 _2ddc
_cBK
998 _cbat
_e2011-05-20
999 _c8561
_d8561